Global warming : the complete briefing

Αποθηκεύτηκε σε:
Λεπτομέρειες βιβλιογραφικής εγγραφής
Κύριος συγγραφέας: Houghton, J. T. (John Theodore), 1931-2020
Μορφή: Βιβλίο
Γλώσσα:English
Δημοσίευση: Cambridge : Cambridge University Press, 1997
Έκδοση:2nd ed.
Θέματα:
Ετικέτες: Προσθήκη ετικέτας
Δεν υπάρχουν, Καταχωρήστε ετικέτα πρώτοι!

MARC

LEADER 00000cam a2200000 i 4500
001 1/17751
008 010301s1997 eng d
020 |a 0-521-62932-2 (pbk.) 
035 |l 10066249 
040 |a GR-MY-UA  |b gre  |e aacr 
041 0 |a eng 
082 0 |a 363.73874 
100 1 |a Houghton, J. T.   |q (John Theodore),   |d 1931-2020. 
245 1 0 |a Global warming :  |b the complete briefing /  |c John Houghton 
250 |a 2nd ed. 
260 |a Cambridge :   |b Cambridge University Press,   |c 1997 
300 |a xv, 251 p. 
504 |a Includes index 
650 0 0 |a Global warming. 
650 0 0 |a Climatic changes. 
852 |a INST  |b CHIOS  |e 20010301  |h 363.73874 HOU  |p 005200021348  |q 005200021348  |t BK  |y 0 
901 |a BIBL2-2001-1 
909 |a Χ  |b 083472 
970 |a ΣΠΕΝΤΖΑ  |b ΕΛΕΝΗ  |z 2001/03/01